Finish the CSGO Skin - Statistics

General Stats
  • This quiz has been taken 4,891 times
  • The average score is 15 of 26
Answer Stats
Hint Answer % Correct
Dragon Lore
99%
Lightning Strike
90%
Hyper Beast
89%
Worm God
88%
Gamma Doppler
79%
Crimson Web
78%
Wasteland Rebel
76%
Aquamarine Revenge
74%
Hot Rod
71%
Electric Hive
69%
Blue Laminate
69%
Kumicho Dragon
68%
Golden Koi
68%
Neon Revolution
59%
Point Disarray
57%
Akihabara Accept
51%
Midnight Storm
42%
Cobalt Disruption
41%
Anodized Navy
40%
Desert Strike
39%
Nuclear Waste
30%
Fleet Flock
27%
Moon in Libra
25%
Power Loader
21%
Royal Consorts
20%
Black Limba
18%
No matching quizzes found
Score Distribution
Percent of People with Each Score
Percentile by Number Answered
Your Score History
You have not taken this quiz